|
|
|
|
| LEADER |
00000nab a2200000Ia 4500 |
| 001 |
vtls010816117 |
| 003 |
SK-MaSNL |
| 005 |
20260305000418.0 |
| 008 |
230218|1972 xo |||||||||||||||||slo| |
| 035 |
|
|
|a (urnnbn)urn:nbn:sk:snk:ar-a05467
|
| 035 |
|
|
|a urn:nbn:sk:snk-ab5kkg
|
| 035 |
|
|
|a (uuid)57f20fbb-e13a-45a4-8e61-b5fa8c274163
|
| 040 |
|
|
|a SNKBUCL
|b slo
|c SNKBUCL
|e AACR2
|
| 041 |
0 |
|
|a slo
|
| 044 |
|
|
|a xo
|c SK
|
| 080 |
|
|
|a 005.745
|2 2011
|
| 080 |
|
|
|a (430.246)
|2 2001
|
| 100 |
1 |
|
|a Miháliková, Anna
|4 aut
|9 5890
|
| 245 |
1 |
0 |
|a Medzinárodné sympózium krajín RVHP o materiálno-technickom zásobovaní
|c Anna Miháliková, Ivan Šujan
|
| 610 |
2 |
7 |
|a Rada vzájomnej hospodárskej pomoci
|2 SNKKA
|9 33276
|
| 611 |
2 |
7 |
|a Medzinárodné sympózium krajín RVHP o materiálno-technickom zásobovaní
|d (1971 :
|c Drážďany, Nemecko)
|2 SNK
|9 1574947
|
| 648 |
|
7 |
|a 15.11.-24.11.1971
|2 SNK
|9 1574948
|
| 650 |
0 |
7 |
|a sympózia
|2 SNKPH
|9 22177
|
| 650 |
0 |
7 |
|a zásobovanie (ekonómia)
|2 SNK
|9 27908
|
| 651 |
|
7 |
|a Drážďany (Nemecko)
|2 SNKPH
|9 74625
|
| 700 |
1 |
|
|a Šujan, Ivan,
|d 1935-
|4 aut
|9 5042
|
| 773 |
0 |
|
|t Ekonomický časopis : časopis pre ekonomickú teóriu, hospodársku politiku, spoločensko-ekonomické prognózovanie
|g Roč. 20, č. 6 (1972), s. 575-576
|
| 954 |
|
|
|a odborná, vedecká literatúra pôvodná (slovenská)
|2 lita
|
| 958 |
|
|
|a OND
|
| 958 |
|
|
|a EUIPO
|
| 958 |
|
|
|a article5
|
| 999 |
|
|
|c 3213559
|d 3215489
|